00530 2200181 4500001002100000005001500021008004100036020002200077035001900099041000700118082000800125090001600133100002000149700001700169245010300186260003000289300002900319INLIS00000000000651220241224113314241224||||||||| | ||| |||| || |  a978-979-062-495-5 0010-1224006512 aid0 a153 a153.8 GEL o0 aMichael J. Gelb0 aKelly Howell00aOptimalisasi Otak: Membangun Sikap dan Kebiasaan untuk Memaksimalkan Kinerja Otak pada Usia Lanjut aJakartabPT. Indeksc2015 a21x14 cm, xii, 212 hlm.;